000 02557nab a2200265 i 4500
003 BR-BrBNA
005 20241008111804.0
008 241008b2004 bl.qr|pooa||| 00| 0 por |
040 _aBR-BrBNA
_bpor
072 _aF70
100 _aMelo, José Iranildo Miranda de
100 _aSales, Margareth Ferreira de
245 _aHeliotropium L. (Boraginaceae – Heliotropioideae) de Pernambuco, Nordeste do Brasil
500 _aPublicação on-line; 39 ref.; 59 illus.; Summaries (En, Pt)
520 _a RESUMO Foi realizado o estudo taxonômico do gênero Heliotropium L. no estado de Pernambuco, utilizando-se espécimes coletados em campo por um período de 16 meses, além de materiais de empréstimo e/ou doação provenientes de vários herbários nacionais. Verificou-se a ocorrência desete taxa: H. angiospermum Murray, H. curassavicum L., H. elongatum (Lehm.) I.M. Johnst., H. indicum L., H. polyphyllum Lehm., H. procumbens Mill e H. ternatum. H. curassavicum e H. ternatum Vahl constituem nova referência para o Nordeste e Pernambuco, Brasil, respectivamente. As espécies mais amplamente distribuídas são H. angiospermum, H. elongatum e H. procumbens, ocorrendo desde a zona do litoral até a zona das caatingas. Palavras-chave: Heliotropium, Boraginaceae, taxonomia, Nordeste, Brasil
520 _a ABSTRACT A taxonomic study of the genus Heliotropium L. in the State of Pernambuco was carried out. The survey was based on field studies during 16 months and material provided by loan and donation from different brazilian herbaria. Seven species were recorded: H. angiospermum Murray, H. curassavicum L., H. elongatum (Lehm.) I.M. Johnst., H. indicum L., H. polyphyllum Lehm., H. procumbens Mill. and H. ternatum Vahl. H. curassavicum and H. ternatum represent new geographical occurrences from Northeastern and State of Pernambuco, Brazil, respectively. The species most widely distributed were H. angiospermum, H. elongatum and H. procumbens, occurring both since litoral to caatinga´s zone. Key-words: Heliotropium, Boraginaceae, taxonomy, Northeastern, Brazil
650 _aBORAGINACEAE
650 _aTAXONOMIA
650 _aNORDESTE
650 _aBRASIL
773 0 _0709
_9345133
_dRio de Janeiro-RJ Jardim Botanico do Rio de Janeiro 1935
_o2024-5590
_tRodriguésia (Brazil)
_x0370-6583; 2175-7860 on-line
_gv. 55(84) p. 65-87; (2004)
_wBR2024003212
856 _uhttps://www.scielo.br/j/rod/a/bgFpTdFXxRDrgQRphH96qGk/?format=pdf&lang=pt
942 _cANA
999 _c327988
_d327988